000 01320nam0a2200325 i 4500
001 RU\NLR\BIBL_A\010940815
005 20240921165347.0
010 _a9785906824608
_95000
021 _aRU
_b2015-93317
_95760
035 _a(NILC)RuMoRGB-008087046
035 _a(NLR Aleph) 010940815
090 _a10752302
_c10752302
100 _a20151218d2015 b y0rusy50 ca
101 1 _arus
_ckor
102 _aRU
105 _aa z 000ay
200 1 _aЯ тоже так смогу!
_e[2-5 лет
_fпер. с кор. Полины Авраменко, Александры Горбанёвой-Гамалеи
_gлит. обраб. Юлии Фокиной]
210 _aМосква
_cClever
_cКлевер-Медиа-Групп
_d2015
_d(макет 2016)
215 _a31, [1] с.
_cцв. ил.
_d25
225 1 _aПингвиненок Пороро
_iВера в себя
675 _a821.531-93
686 0 _aШ9(5Кор)60-4
702 1 _4570
_aФокина
_bЮ. В.
_cпереводчик, литератор
_f1974-
_gЮлия Валерьевна
_9151324
_3RU\NLR\AUTH\770151362
702 1 _aАвраменко
_bП.
_gПолина
_4730
801 0 _aRU
_bРГБ
_c20151204
_gRCR
942 _cBOOK
980 _aNBR